Recycling metal
| Main Author: | |
|---|---|
| Format: | Book |
| Published: |
London :
Franklin Watts ,
1990
|
| Series: | Just rubbish?
|
| Subjects: |
MARC
| LEADER | 00000cam a2200000 7i4500 | ||
|---|---|---|---|
| 001 | 0000005638 | ||
| 002 | 000006094 | ||
| 005 | 20000330.0 | ||
| 020 | |a 0749601531 | ||
| 090 | 0 | 0 | |a J 628.4458 |b JUS |
| 100 | 1 | |a Palmer, Joy | |
| 245 | 1 | 0 | |a Recycling metal |c Joy Palmer |
| 260 | |a London : |b Franklin Watts , |c 1990 | ||
| 300 | |a 29p ; |c 27cm. | ||
| 490 | 0 | |a Just rubbish? | |
| 650 | 0 | 0 | |a Metals |x Recycling |x Juvenile literature |
| 999 | |a 027041 |b BUKU |c JUNIOR REFERENCE |e PERPUSTAKAAN KOMUNITI CAW KOTA DAMANSARA | ||